header

Sex, attachment, and couple psychotherapy (Record no. 83222)

MARC details
000 -LEADER
fixed length control field 01453nam a2200373Ia 4500
082 04 - DEWEY DECIMAL CLASSIFICATION NUMBER
Classification number 155.34
245 00 - TITLE STATEMENT
Title Sex, attachment, and couple psychotherapy
260 ## - PUBLICATION, DISTRIBUTION, ETC. (IMPRINT)
Place of publication London :
Name of publisher Karnac,
Year of publication 2009.
300 ## - PHYSICAL DESCRIPTION
Number of Pages xli, 243 p. :
Other physical details ill.
490 1# - SERIES STATEMENT
Series statement The library of couple and family psychoanalysis
650 #0 - SUBJECT ADDED ENTRY--TOPICAL TERM
Topical Term Couples therapy.
Topical Term Marital psychotherapy.
Topical Term Sex (Psychology)
Topical Term Couples therapy
Topical Term Attachment behavior.
Topical Term Sex customs
700 1# - ADDED ENTRY--PERSONAL NAME
Personal name Clulow, Christopher F.
856 40 - ELECTRONIC LOCATION AND ACCESS
Uniform Resource Identifier http://site.ebrary.com/lib/rucke/Doc?id=10419939

No items available.

© 2026 Rongo University
Contact us: librarian | system librarian | Rongo university